00449pab a2200145 454500008004000000245005800040260000900098300001000107362001100117650003300128773001500161909000900176999001500185952010300200180718b1990 xxu||||| |||| 00| 0 eng d aCan Government agencies be managed ? Panel Discussion c1990 a27-38 aSummer aGovernment Agencies - U.S.A. aBureaucrat a9487 c9487d9487 00104070aIIPAbIIPAd2018-07-19hVolume no: 19, Issue no: 2pAR9502r2018-07-19w2018-07-19yAR